| 000 | 00635nam a2200217 4500 | ||
|---|---|---|---|
| 003 | OSt | ||
| 005 | 20240628082828.0 | ||
| 006 | a | ||
| 008 | 240628b |||||||| |||| 00| 0 eng d | ||
| 020 | _a9780335240968 | ||
| 040 |
_aDWCL-Main lib. _cOC |
||
| 082 | _aCirc. 658.4022 R727f 2010 | ||
| 100 | _aRogers, Jenny | ||
| 245 | _aFacilitating groups / | ||
| 260 |
_aEngland : _bOpen University Press, _cc2010. |
||
| 300 |
_aviii, _b191 p. : ill. ; _c23 cm. |
||
| 504 | _aIncludes bibliographical references & index. | ||
| 650 | _a1. Group facilitation. | ||
| 650 | _a2. Teams in the workplace. | ||
| 942 |
_2ddc _n0 _cBK-CIRC _kCirc. |
||
| 999 |
_c1617 _d1617 |
||